00222nam a2200097Ia 4500008004100000100001500041245001500056260002900071942000700100999001700107190216s9999||||xx |||||||||||||| ||und|| aEmili Soha 0aHindi-Numa bMac Millian And Com. Ltd cBK c18044d18044